|
|
|
|
| LEADER |
02308nam a2200493 i 4500 |
| 001 |
nkc20233562411 |
| 003 |
CZ PrNK |
| 005 |
20250808085234.0 |
| 007 |
ta |
| 008 |
231020s2023 xr a b 000 j cze |
| 015 |
|
|
|a cnb003562411
|
| 020 |
|
|
|a 978-80-253-6511-3
|q (vázáno) :
|c Kč 199,00
|
| 035 |
|
|
|a (OCoLC)1412782414
|
| 040 |
|
|
|a ABG001
|b cze
|d ABA001
|e rda
|
| 072 |
|
7 |
|a 821.162.3-3
|x Česká próza
|2 Konspekt
|9 25
|
| 072 |
|
7 |
|a 821-93
|x Literatura pro děti a mládež (beletrie)
|2 Konspekt
|9 26
|
| 080 |
|
|
|a 821.162.3-32
|2 MRF
|
| 080 |
|
|
|a 821-93
|2 MRF
|
| 080 |
|
|
|a (0:82-32)
|2 MRF
|
| 100 |
1 |
|
|a Pospíšilová, Zuzana,
|d 1975-
|7 mzk2006331486
|4 aut
|
| 245 |
1 |
0 |
|a Vysněný pejsek /
|c Zuzana Pospíšilová ; ilustrovala Zuzana Slánská
|
| 250 |
|
|
|a 1. vydání
|
| 264 |
|
1 |
|a V Praze :
|b Fragment,
|c 2023
|
| 300 |
|
|
|a 135 stran :
|b ilustrace ;
|c 21 cm
|
| 336 |
|
|
|a text
|b txt
|2 rdacontent
|
| 337 |
|
|
|a bez média
|b n
|2 rdamedia
|
| 338 |
|
|
|a svazek
|b nc
|2 rdacarrier
|
| 490 |
1 |
|
|a Skutečné příběhy se šťastným koncem
|
| 520 |
2 |
|
|a Příběh o statečném pejskovi a jeho nových páníčcích, kteří společně dokázali zvrátit nepříznivý osud.
|b Když rodiče Beatce slíbí za samé jedničky a vzorné chování pejska, netuší, že holčička splní jejich dohodu do puntíku. Nezbývá než dodržet slovo, a tak se společně vydají do útulku. Potkají zde francouzského buldočka, jehož stará majitelka se o něj již nemůže starat. Bea se do něj hned zamiluje a vůbec ji neodradí, že pejsek má potíže s dýcháním a bude muset na operaci. Nakladatelská anotace.
|
| 521 |
8 |
|
|a Pro čtenáře od 8 let
|
| 655 |
|
7 |
|a české příběhy
|7 fd133973
|2 czenas
|
| 655 |
|
7 |
|a publikace pro děti
|7 fd133156
|2 czenas
|
| 655 |
|
9 |
|a Czech stories
|2 eczenas
|
| 655 |
|
9 |
|a children's literature
|2 eczenas
|
| 700 |
1 |
|
|a Slánská, Zuzana
|7 ola2018983306
|4 ill
|
| 787 |
0 |
8 |
|i Z cyklu:
|t Skutečné příběhy se šťastným koncem
|g 2
|
| 830 |
|
0 |
|a Skutečné příběhy se šťastným koncem
|0 s
|
| 910 |
2 |
|
|a BOA001
|b 2-1515.568
|
| 920 |
|
|
|a 4887833
|z ABG001
|
| 928 |
9 |
|
|a Albatros Media - Fragment
|
| 990 |
|
|
|a BK
|
| 995 |
|
|
|a 01
|
| 991 |
|
|
|b 202310
|c NOV
|
| 996 |
6 |
|
|b 2610951944
|c 2-1515.568
|l MZK
|r Sklad / do 1 hodiny
|n 0
|p p.v.
|w 001942658
|u 000010
|a 1
|e BOA001
|j MZK50
|s P
|